Maid of Honour Tracklist (Drake) - Statistics

General Stats
  • This quiz has been taken 25 times
  • The average score is 9 of 14
Answer Stats
# Title % Correct
1 Hoe Phase
84%
10 New Bestie
84%
14 Princess
74%
8 True Bestie (feat. Iconic Savvy)
74%
4 Cheetah Print (feat. Sexyy Red)
68%
2 Road Trips
68%
12 Stuck
68%
13 Goose and The Juice
63%
3 Outside Tweaking (feat. Stunna Sandy)
63%
5 Which One (feat. Central Cee)
63%
6 Amazing Shape (feat. Popcaan)
53%
11 Q&A
53%
7 BBW
47%
9 Where's Your Stuff Interlude
42%
No matching quizzes found
Score Distribution
Percent of People with Each Score
Percentile by Number Answered
Your Score History
You have not taken this quiz